La Ghigliottina #8 - Statistics

Statistiche generali
  • Questo quiz è stato fatto 64 volte
  • Il punteggio medio è 5 su 6
Statistiche sulle risposte
Scelta Risposta % Corretto
Pan o Pen? Pen
98%
Rado o Dado? Dado
96%
Sano o Salvo? Salvo
96%
Tutto o Poco? Tutto
96%
Casa o Strada? Strada
95%
PAROLA Tratto
47%
Nessun quiz corrispondente trovato
Distribuzione punteggi
Percentuale di utenti per punteggio
Percentile per numero di risposta
I tuoi punteggi nel tempo
Non hai fatto questo quiz